[Event "1. Bundesliga 2015/2016"]
[Site "St. Veit/Glan"]
[Date "2016.02.28"]
[Round "8"]
[Board "2"]
[White "Skoberne, Jure"]
[Black "Kraemer, Martin"]
[Result "1-0"]
[WhiteElo "2564"]
[BlackElo "2570"]
[PlyCount "97"]
[EventDate "2015.11.05"]
[EventType "team"]
[EventRounds "11"]
[EventCountry "AUT"]
[WhiteTeam "SV Raika Rapid Feffernitz"]
[BlackTeam "ASVOE Wulkaprodersdorf"]

1.Nf3 Nf6 2.g3 d5 3.Bg2 c5 4.O-O e6 5.d3 Nc6 6.Nbd2 Be7 7.e4 O-O 8.Re1 b5 9.e5 Nd7
10.Nf1 b4 11.h4 a5 12.Bf4 a4 13.a3 bxa3 14.bxa3 Ba6 15.Ne3 Rb8 16.c4 dxc4 17.Nxc4
Nb6 18.Qc2 Nd4 19.Nxd4 Qxd4 20.Be3 Qd7 21.Nd6 f6 22.f4 fxe5 23.fxe5 Bxd6 24.exd6 Qxd6
25.Bxc5 Qxg3 26.Bxf8 Rxf8 27.Qe2 e5 28.Qe3 Qg6 29.h5 Qf6 30.Rf1 Qd6 31.Rxf8+ Kxf8
32.Rf1+ Ke8 33.Rc1 Nd7 34.Be4 Qxa3 35.Bxh7 Qd6 36.Be4 Bb5 37.Qg5 Qb6+ 38.Kg2 Qf6 39.Qxf6
Nxf6 40.Rc5 Bd7 41.Rxe5+ Kd8 42.Rc5 Be6 43.Ra5 Bd7 44.Bg6 Kc7 45.Bf7 Kb6 46.Rg5 a3
47.Kf3 Ba4 48.Ke3 Bd1 49.h6 1-0

[Event "1. Bundesliga 2015/2016"]
[Site "St. Veit/Glan"]
[Date "2016.02.28"]
[Round "8"]
[Board "3"]
[White "Antal, Gergely"]
[Black "Diermair, Andreas"]
[Result "0-1"]
[WhiteElo "2538"]
[BlackElo "2478"]
[PlyCount "98"]
[EventDate "2015.11.05"]
[EventType "team"]
[EventRounds "11"]
[EventCountry "AUT"]
[WhiteTeam "ASVOE Wulkaprodersdorf"]
[BlackTeam "SV Raika Rapid Feffernitz"]

1.e4 e5 2.Nf3 Nc6 3.d4 exd4 4.Nxd4 Nf6 5.Nxc6 bxc6 6.Qe2 a5 7.e5 Nd5 8.Qe4 Qe7 9.c4
Nb4 10.a3 Na6 11.Be3 Rb8 12.Nd2 Rxb2 13.Be2 Nc5 14.Qf4 Ne6 15.Qg3 f5 16.exf6 Qxf6
17.Ne4 Qg6 18.Qxg6+ hxg6 19.Bg4 d5 20.Ng5 Nxg5 21.Bxc8 Ne4 22.Bg4 Bc5 23.Bxc5 Nxc5
24.O-O Ke7 25.Rad1 Kd6 26.Bf3 Nb3 27.cxd5 c5 28.Be4 c4 29.Bxg6 Rh6 30.Rb1 Rxb1 31.Bxb1
Nd2 32.Rd1 Nxb1 33.Rxb1 Kxd5 34.Rd1+ Ke4 35.Kf1 Rxh2 36.Rd7 c5 37.Rxg7 Kd3 38.Rd7+
Kc2 39.Rd5 c3 40.Rxc5 a4 41.Ke2 Rxg2 42.Rc4 Rg8 43.Rxa4 Re8+ 44.Kf3 Kd3 45.Ra7 Rd8
46.Rh7 c2 47.Rh1 Rd4 48.Kg3 Kc3 49.Rc1 Kd2 0-1

[Event "1. Bundesliga 2015/2016"]
[Site "St. Veit/Glan"]
[Date "2016.02.28"]
[Round "8"]
[Board "4"]
[White "Schreiner, Peter"]
[Black "Schneider, Ilja"]
[Result "1/2-1/2"]
[WhiteElo "2461"]
[BlackElo "2505"]
[PlyCount "60"]
[EventDate "2015.11.05"]
[EventType "team"]
[EventRounds "11"]
[EventCountry "AUT"]
[WhiteTeam "SV Raika Rapid Feffernitz"]
[BlackTeam "ASVOE Wulkaprodersdorf"]

1.d4 d5 2.c4 c6 3.Nf3 Nf6 4.Nc3 a6 5.c5 Nbd7 6.Bf4 Nh5 7.Bg5 h6 8.Bd2 Nhf6 9.Qc2 g6
10.g3 Bg7 11.Bg2 O-O 12.O-O Re8 13.Rad1 Nf8 14.Qc1 Kh7 15.Na4 Ne4 16.Bf4 Be6 17.Qc2
Nd7 18.Ne5 Nef6 19.h4 Nh5 20.Bf3 Nxf4 21.gxf4 Bf5 22.e4 dxe4 23.Bxe4 e6 24.Nxd7 Qxd7
25.Nb6 Qc7 26.Nxa8 Qxf4 27.f3 Rxa8 28.Qh2 Qe3+ 29.Qf2 Qf4 30.Qh2 Qe3+ 1/2-1/2

[Event "1. Bundesliga 2015/2016"]
[Site "St. Veit/Glan"]
[Date "2016.02.28"]
[Round "8"]
[Board "5"]
[White "Mesaros, Florian"]
[Black "Sebenik, Matej"]
[Result "1/2-1/2"]
[WhiteElo "2307"]
[BlackElo "2527"]
[PlyCount "60"]
[EventDate "2015.11.05"]
[EventType "team"]
[EventRounds "11"]
[EventCountry "AUT"]
[WhiteTeam "ASVOE Wulkaprodersdorf"]
[BlackTeam "SV Raika Rapid Feffernitz"]

1.Nf3 Nf6 2.c4 e6 3.g3 d5 4.d4 Be7 5.Bg2 O-O 6.O-O dxc4 7.Ne5 c5 8.dxc5 Qc7 9.Nxc4
Rd8 10.Qc2 Nc6 11.Nc3 Nd4 12.Qb1 Qxc5 13.b3 Qh5 14.Bb2 e5 15.Ne3 Bh3 16.Re1 Bxg2 17.Kxg2
Rac8 18.Ne4 Ng4 19.Nxg4 Qxg4 20.Bxd4 Rxd4 21.f3 Qd7 22.Rd1 h6 23.Rxd4 Qxd4 24.Qd1
f5 25.Nf2 Qxd1 26.Rxd1 Rc2 27.Rd7 Bg5 28.Kf1 Be3 29.Rd5 Rxa2 30.Rxe5 Bxf2 1/2-1/2

[Event "1. Bundesliga 2015/2016"]
[Site "St. Veit/Glan"]
[Date "2016.02.28"]
[Round "8"]
[Board "6"]
[White "Zorko, Jure"]
[Black "Wallner, Joachim"]
[Result "1-0"]
[WhiteElo "2457"]
[BlackElo "2311"]
[PlyCount "93"]
[EventDate "2015.11.05"]
[EventType "team"]
[EventRounds "11"]
[EventCountry "AUT"]
[WhiteTeam "SV Raika Rapid Feffernitz"]
[BlackTeam "ASVOE Wulkaprodersdorf"]

1.d4 d5 2.c4 c6 3.Nf3 Nf6 4.e3 Bg4 5.h3 Bh5 6.g4 Bg6 7.Ne5 e6 8.Nd2 Nbd7 9.Nxg6 hxg6
10.Bg2 g5 11.O-O Be7 12.Re1 Nf8 13.e4 Ng6 14.e5 Nd7 15.cxd5 cxd5 16.Nf3 a6 17.Qb3
b5 18.Bf1 Nb6 19.Bd3 Nf4 20.Bxf4 gxf4 21.Kg2 g5 22.Qd1 Rc8 23.Qe2 Kf8 24.Rac1 Kg7
25.Bb1 Qd7 26.b3 Qb7 27.Qd2 Nd7 28.h4 gxh4 29.Qxf4 Rxc1 30.Rxc1 Rc8 31.Rh1 Rh8 32.g5
Nf8 33.Rxh4 Rxh4 34.Qxh4 Qc8 35.Qh6+ Kg8 36.g6 fxg6 37.Bxg6 Nxg6 38.Qxg6+ Kf8 39.Ng1
Qc1 40.Ne2 Qg5+ 41.Qxg5 Bxg5 42.f4 Bd8 43.Kf3 Kf7 44.Kg4 Kg6 45.f5+ exf5+ 46.Kf3 Bb6
47.Nf4+ 1-0

[Event "1. Bundesliga 2015/2016"]
[Site "St. Veit/Glan"]
[Date "2016.02.28"]
[Round "8"]
[Board "1"]
[White "Haba, Petr"]
[Black "Volokitin, Andrei"]
[Result "1/2-1/2"]
[WhiteElo "2481"]
[BlackElo "2642"]
[PlyCount "61"]
[EventDate "2015.11.05"]
[EventType "team"]
[EventRounds "11"]
[EventCountry "AUT"]
[WhiteTeam "Spk. Grieskirchen/Bad Schallerbach"]
[BlackTeam "Schachklub Sparkasse Jenbach"]

1.d4 Nf6 2.c4 e6 3.g3 c5 4.Nf3 cxd4 5.Nxd4 Qc7 6.b3 Nc6 7.Bg2 Nxd4 8.Qxd4 d5 9.O-O
Bc5 10.Qd3 d4 11.a3 a5 12.e3 Qb6 13.exd4 Bxd4 14.Ra2 O-O 15.Bb2 e5 16.Bxd4 exd4 17.Rd2
Rd8 18.Nc3 Qxb3 19.Nd5 Qxd3 20.Rxd3 Be6 21.Rxd4 Bxd5 22.Rfd1 Kf8 23.Bxd5 Nxd5 24.Rxd5
Rxd5 25.Rxd5 Rc8 26.Rxa5 Rxc4 27.Rb5 Ra4 28.Rxb7 Rxa3 29.h4 g6 30.Kg2 h5 31.Rc7 1/2-1/2

[Event "1. Bundesliga 2015/2016"]
[Site "St. Veit/Glan"]
[Date "2016.02.28"]
[Round "8"]
[Board "2"]
[White "Nisipeanu, Liviu-Dieter"]
[Black "Kilgus, Georg"]
[Result "1-0"]
[WhiteElo "2667"]
[BlackElo "2410"]
[PlyCount "74"]
[EventDate "2015.11.05"]
[EventType "team"]
[EventRounds "11"]
[EventCountry "AUT"]
[WhiteTeam "Schachklub Sparkasse Jenbach"]
[BlackTeam "Spk. Grieskirchen/Bad Schallerbach"]

1.d4 Nf6 2.c4 g6 3.Nc3 d5 4.Bg5 Bg7 5.Bxf6 Bxf6 6.cxd5 c5 7.Nf3 O-O 8.e3 Bg4 9.dxc5
Bxc3+ 10.bxc3 Qa5 11.Qd4 Bxf3 12.gxf3 Rc8 13.Qb4 Rxc5 14.Qxa5 Rxa5 15.Rb1 b6 16.Bc4
Rc5 17.Bb3 Rxc3 18.Kd2 Rc5 19.Rhc1 Nd7 20.Rxc5 Nxc5 21.e4 e5 22.dxe6 fxe6 23.Ke3 Kf7
24.f4 Ke7 25.Bd1 Rd8 26.Be2 Rd7 27.h4 Rc7 28.h5 gxh5 29.Rc1 Na6 30.Rg1 Nb4 31.Rg7+
Kd8 32.Rg8+ Kd7 33.Bxh5 Nxa2 34.Bg4 Nb4 35.Rh8 Kc6 36.Bxe6 a5 37.f5 Kd6 1-0

[Event "1. Bundesliga 2015/2016"]
[Site "St. Veit/Glan"]
[Date "2016.02.28"]
[Round "8"]
[Board "3"]
[White "Webersberger, Johann"]
[Black "Schlosser, Philipp"]
[Result "1/2-1/2"]
[WhiteElo "2362"]
[BlackElo "2551"]
[PlyCount "84"]
[EventDate "2015.11.05"]
[EventType "team"]
[EventRounds "11"]
[EventCountry "AUT"]
[WhiteTeam "Spk. Grieskirchen/Bad Schallerbach"]
[BlackTeam "Schachklub Sparkasse Jenbach"]

1.Nf3 d5 2.g3 c5 3.Bg2 Nc6 4.d4 Nf6 5.O-O e6 6.c4 Be7 7.Nc3 O-O 8.cxd5 Nxd5 9.Nxd5
exd5 10.dxc5 Bxc5 11.Ne1 Bg4 12.h3 Bf5 13.Nd3 Bb6 14.Nf4 d4 15.g4 Bg6 16.Qb3 Re8 17.Bd2
Be4 18.Rfe1 Qd7 19.Rac1 Rad8 20.a3 Bxg2 21.Kxg2 Ne5 22.a4 Nc6 23.Qf3 Ba5 24.Bxa5 Nxa5
25.b4 Nc6 26.b5 Ne5 27.Qb3 Ng6 28.Nxg6 hxg6 29.Qf3 Re6 30.Red1 Qe7 31.Rc4 Rf6 32.Qd3
Rfd6 33.Qf3 a6 34.bxa6 bxa6 35.Rd2 Kh7 36.Kg1 f5 37.Qf4 Qf6 38.Rd3 Rd5 39.Rc7 Re8
40.Kf1 Re4 41.Qg3 Rd8 42.Rb3 Re7 1/2-1/2

[Event "1. Bundesliga 2015/2016"]
[Site "St. Veit/Glan"]
[Date "2016.02.28"]
[Round "8"]
[Board "4"]
[White "Shengelia, David"]
[Black "Schwabeneder, Florian"]
[Result "1/2-1/2"]
[WhiteElo "2566"]
[BlackElo "2371"]
[PlyCount "136"]
[EventDate "2015.11.05"]
[EventType "team"]
[EventRounds "11"]
[EventCountry "AUT"]
[WhiteTeam "Schachklub Sparkasse Jenbach"]
[BlackTeam "Spk. Grieskirchen/Bad Schallerbach"]

1.d4 Nf6 2.Bf4 c5 3.d5 d6 4.Nc3 Qa5 5.Bd2 g6 6.e4 Bg7 7.Bb5+ Bd7 8.Bc4 O-O 9.h3 Qd8
10.Qe2 a6 11.a4 e6 12.dxe6 Bxe6 13.Bxe6 fxe6 14.Nf3 Nc6 15.O-O Nd4 16.Nxd4 cxd4 17.Na2
Rc8 18.c3 Qb6 19.Nb4 Nd7 20.a5 Qb5 21.Qxb5 axb5 22.cxd4 Bxd4 23.Bc3 Bxc3 24.bxc3 Nc5
25.f3 Na4 26.Rfd1 Rfd8 27.Na2 Ra8 28.Rd4 Kf7 29.Rb4 Rxa5 30.Nc1 Rda8 31.Nb3 R5a7 32.Rc1
Rc8 33.Nd4 Nxc3 34.Nxb5 Ne2+ 35.Kf2 Rxc1 36.Nxa7 Rc2 37.Ke3 e5 38.Kd3 Ra2 39.Rxb7+
Kf6 40.Rxh7 Nf4+ 41.Kc3 Rxg2 42.Nb5 d5 43.exd5 Nxd5+ 44.Kc4 Ke6 45.h4 Rc2+ 46.Kd3
Rf2 47.Nc7+ Nxc7 48.Rxc7 Rxf3+ 49.Ke2 Rh3 50.Rh7 Kf5 51.Kf2 Kf4 52.Rf7+ Ke4 53.Rf6
Rxh4 54.Rxg6 Rh2+ 55.Kg1 Ra2 56.Rg3 Rd2 57.Kf1 Rd3 58.Rg5 Kf4 59.Rh5 Rd2 60.Ke1 Rb2
61.Rh3 Kg4 62.Ra3 e4 63.Rc3 Kf4 64.Ra3 Rb1+ 65.Ke2 Rh1 66.Rb3 Rh2+ 67.Ke1 e3 68.Rb8
Rh1+ 1/2-1/2

[Event "1. Bundesliga 2015/2016"]
[Site "St. Veit/Glan"]
[Date "2016.02.28"]
[Round "8"]
[Board "5"]
[White "Lentrodt, Thomas"]
[Black "Boensch, Uwe"]
[Result "1/2-1/2"]
[WhiteElo "2263"]
[BlackElo "2553"]
[PlyCount "86"]
[EventDate "2015.11.05"]
[EventType "team"]
[EventRounds "11"]
[EventCountry "AUT"]
[WhiteTeam "Spk. Grieskirchen/Bad Schallerbach"]
[BlackTeam "Schachklub Sparkasse Jenbach"]

1.d4 Nf6 2.c4 e6 3.Nf3 Bb4+ 4.Bd2 Qe7 5.g3 Bxd2+ 6.Nbxd2 d6 7.Bh3 O-O 8.e4 e5 9.Bxc8
Rxc8 10.d5 c6 11.O-O b5 12.Rc1 bxc4 13.Rxc4 c5 14.Qe2 Nbd7 15.Rc2 Nb6 16.Nc4 Nxc4
17.Qxc4 Rcb8 18.a3 Rb7 19.Nd2 Rab8 20.Rb1 Ne8 21.b4 Nc7 22.Rcb2 Qd7 23.Rb3 Qa4 24.bxc5
Qxc4 25.Rxb7 Rxb7 26.Rxb7 Qc1+ 27.Nf1 Na6 28.Rxa7 g6 29.cxd6 Nc5 30.d7 Nxd7 31.Rxd7
Qxa3 32.Ne3 Qa1+ 33.Kg2 Qd4 34.Kf3 Kf8 35.g4 Qd3 36.Rb7 Kg7 37.g5 Qa3 38.Rb1 Kf8 39.h4
Ke7 40.Rb7+ Ke8 41.Rb8+ Ke7 42.Rb7+ Ke8 43.Rb8+ Ke7 1/2-1/2

[Event "1. Bundesliga 2015/2016"]
[Site "St. Veit/Glan"]
[Date "2016.02.28"]
[Round "8"]
[Board "6"]
[White "Reich, Thomas"]
[Black "Obermayr, Hermann"]
[Result "1-0"]
[WhiteElo "2376"]
[BlackElo "2132"]
[PlyCount "123"]
[EventDate "2015.11.05"]
[EventType "team"]
[EventRounds "11"]
[EventCountry "AUT"]
[WhiteTeam "Schachklub Sparkasse Jenbach"]
[BlackTeam "Spk. Grieskirchen/Bad Schallerbach"]

1.d4 Nf6 2.c4 c5 3.d5 a6 4.a4 e5 5.Nc3 d6 6.e4 g6 7.g3 Bg7 8.h4 h5 9.Bh3 Bg4 10.f3
Bd7 11.Kf2 Ng8 12.Kg2 Bh6 13.a5 Bxc1 14.Qxc1 b6 15.axb6 Qxb6 16.Qc2 Ra7 17.Nge2 Nf6
18.Bxd7+ Nbxd7 19.Ra3 Rb7 20.b3 O-O 21.Rha1 Nb8 22.Nd1 Qd8 23.Ne3 Ne8 24.Ng1 Ng7 25.Nh3
f6 26.Rf1 Qe8 27.Kh2 Re7 28.Qd2 f5 29.Ng5 Qc8 30.Qe2 Qb7 31.Rb1 Ree8 32.Qd2 Nd7 33.Ra2
f4 34.Ng2 fxg3+ 35.Kxg3 Rb8 36.Ne1 Qc8 37.Nd3 Rf6 38.b4 Rb6 39.Rab2 Ne8 40.Ne6 Ng7
41.Ng5 Rf8 42.Qc3 Re8 43.Qa3 cxb4 44.Rxb4 Rxb4 45.Qxb4 Qc7 46.Qb7 Rc8 47.Qxc7 Rxc7
48.Ra1 Ra7 49.Ra5 Ne8 50.Ne6 Nb8 51.c5 dxc5 52.Nxe5 Nd6 53.Nxc5 Rc7 54.Ned3 Nc4 55.Ra4
Nb6 56.Rb4 N8d7 57.Nxd7 Nxd7 58.e5 Rc3 59.e6 Nf6 60.Nf4 a5 61.Rd4 Nxd5 62.Nxd5 1-0

[Event "1. Bundesliga 2015/2016"]
[Site "St. Veit/Glan"]
[Date "2016.02.28"]
[Round "8"]
[Board "1"]
[White "Bindrich, Falko"]
[Black "Papp, Gabor"]
[Result "1/2-1/2"]
[WhiteElo "2574"]
[BlackElo "2593"]
[PlyCount "144"]
[EventDate "2015.11.05"]
[EventType "team"]
[EventRounds "11"]
[EventCountry "AUT"]
[WhiteTeam "SK Hohenems"]
[BlackTeam "L.A. Kraftanlage Ottakring"]

1.d4 Nf6 2.c4 e6 3.Nc3 Bb4 4.Qc2 d5 5.cxd5 exd5 6.Bg5 O-O 7.e3 h6 8.Bh4 c5 9.Nf3 Be6
10.Be2 Nbd7 11.O-O Rc8 12.a3 Bxc3 13.Qxc3 g5 14.Bg3 Ne4 15.Qe1 Nxg3 16.hxg3 c4 17.Nd2
Qe7 18.Nb1 f5 19.Qb4 Qf7 20.Qxb7 Rb8 21.Qxa7 Rxb2 22.Nc3 Rb3 23.Rfc1 f4 24.exf4 gxf4
25.g4 Qg7 26.Bf3 Bxg4 27.Bxd5+ Kh8 28.f3 Bf5 29.Ra2 Bd3 30.Rf2 Qe7 31.Ne4 Qxa3 32.Qxa3
Rxa3 33.Be6 Nf6 34.Nc5 Nh5 35.Bxc4 Bxc4 36.Rxc4 Ng3 37.Rc1 Re8 38.Kh2 h5 39.Rd1 Rae3
40.Ne4 Nxe4 41.fxe4 R3xe4 42.d5 Rd8 43.d6 Rd7 44.Rd5 Kg7 45.Rfd2 Re6 46.Kg1 Kf6 47.Kf2
Re5 48.R5d4 Kf5 49.R2d3 h4 50.Kf3 Re3+ 51.Rxe3 fxe3 52.Kxe3 h3 53.gxh3 Ke5 54.Re4+
Kxd6 55.Kf4 Re7 56.Ra4 Ke6 57.Kg5 Kf7 58.Kh6 Re6+ 59.Kh7 Rf6 60.h4 Rf5 61.Ra7+ Kf8
62.Kg6 Rf1 63.Ra8+ Ke7 64.h5 Rg1+ 65.Kh7 Kf7 66.Ra2 Rf1 67.h6 Rf3 68.Ra7+ Kf8 69.Ra1
Kf7 70.Ra7+ Kf8 71.Kg6 Rg3+ 72.Kf6 Rf3+ 1/2-1/2

[Event "1. Bundesliga 2015/2016"]
[Site "St. Veit/Glan"]
[Date "2016.02.28"]
[Round "8"]
[Board "2"]
[White "Banusz, Tamas"]
[Black "Rozentalis, Eduardas"]
[Result "1-0"]
[WhiteElo "2619"]
[BlackElo "2584"]
[PlyCount "87"]
[EventDate "2015.11.05"]
[EventType "team"]
[EventRounds "11"]
[EventCountry "AUT"]
[WhiteTeam "L.A. Kraftanlage Ottakring"]
[BlackTeam "SK Hohenems"]

1.c4 e6 2.g3 Nf6 3.Bg2 d5 4.d4 Be7 5.Nf3 O-O 6.O-O dxc4 7.Qc2 a6 8.a4 Bd7 9.Rd1 Bc6
10.Nc3 Bxf3 11.Bxf3 Nc6 12.Bxc6 bxc6 13.Bg5 Rb8 14.e3 Rb4 15.Rab1 a5 16.Na2 Rb6 17.Bxf6
Bxf6 18.Qxc4 Qd5 19.Rdc1 Qf3 20.Rc2 Rfb8 21.Nc1 e5 22.dxe5 Bxe5 23.Nd3 Bd6 24.e4 Rb3
25.Rd2 g6 26.Rbd1 Qg4 27.Qxc6 h5 28.e5 Bf8 29.Nf4 Rxb2 30.h3 Qf5 31.Rxb2 Rxb2 32.h4
Rb1 33.Rxb1 Qxb1+ 34.Kg2 Qb6 35.Qa8 Qb4 36.e6 Kg7 37.exf7 Kxf7 38.Qd5+ Ke8 39.Nxg6
Bd6 40.Qe6+ Kd8 41.Nh8 Be7 42.Nf7+ Ke8 43.Ne5 Qd6 44.Qf7+ 1-0

[Event "1. Bundesliga 2015/2016"]
[Site "St. Veit/Glan"]
[Date "2016.02.28"]
[Round "8"]
[Board "3"]
[White "Martinovic, Sasa"]
[Black "Dragnev, Valentin"]
[Result "1/2-1/2"]
[WhiteElo "2539"]
[BlackElo "2432"]
[PlyCount "119"]
[EventDate "2015.11.05"]
[EventType "team"]
[EventRounds "11"]
[EventCountry "AUT"]
[WhiteTeam "SK Hohenems"]
[BlackTeam "L.A. Kraftanlage Ottakring"]

1.d4 d5 2.c4 e6 3.Nc3 Nf6 4.Nf3 c5 5.cxd5 Nxd5 6.e4 Nxc3 7.bxc3 cxd4 8.cxd4 Bb4+ 9.Bd2
Bxd2+ 10.Qxd2 O-O 11.Rc1 b6 12.Bd3 Bb7 13.O-O Nd7 14.Qf4 Nf6 15.Rfe1 Rc8 16.Rcd1 Qc7
17.Qh4 h6 18.e5 Bxf3 19.gxf3 Nd5 20.Kh1 Qe7 21.Qe4 g6 22.Rg1 Kh8 23.Rg3 Rg8 24.Rdg1
Rg7 25.Qg4 Qg5 26.Qxg5 hxg5 27.Rxg5 Rgg8 28.R5g4 Kg7 29.f4 Ne7 30.d5 Rc3 31.Bxg6 Kf8
32.Be4 Rxg4 33.Rxg4 exd5 34.Bh7 Nc6 35.Kg2 d4 36.Rg8+ Ke7 37.Rg3 b5 38.h4 Nb4 39.a3
Nd5 40.Rxc3 dxc3 41.Kf3 a5 42.Bc2 a4 43.Ke2 b4 44.axb4 a3 45.Bb3 Nxb4 46.f5 a2 47.Bxa2
Nxa2 48.Kd3 Kf8 49.Kc2 Kg7 50.Kb3 Nc1+ 51.Kxc3 Ne2+ 52.Kd3 Nf4+ 53.Ke4 Ne2 54.h5 Nc3+
55.Kd4 Ne2+ 56.Ke4 Nc3+ 57.Kd4 Ne2+ 58.Ke3 Nc3 59.Kd3 Nd5 60.Ke4 1/2-1/2

[Event "1. Bundesliga 2015/2016"]
[Site "St. Veit/Glan"]
[Date "2016.02.28"]
[Round "8"]
[Board "4"]
[White "Schmaltz, Roland"]
[Black "Breder, Dennis"]
[Result "1/2-1/2"]
[WhiteElo "2487"]
[BlackElo "2474"]
[PlyCount "69"]
[EventDate "2015.11.05"]
[EventType "team"]
[EventRounds "11"]
[EventCountry "AUT"]
[WhiteTeam "L.A. Kraftanlage Ottakring"]
[BlackTeam "SK Hohenems"]

1.e4 e5 2.Nf3 Nc6 3.Bc4 Bc5 4.d3 Nf6 5.Bb3 O-O 6.Bg5 h6 7.Bh4 Be7 8.Nbd2 d6 9.Nf1
Nd7 10.Bxe7 Qxe7 11.c3 Nc5 12.Bd5 Nd8 13.b4 Nce6 14.Ne3 c6 15.Bb3 a5 16.bxa5 Rxa5
17.O-O Nc5 18.Bc2 b5 19.Re1 g6 20.d4 Nd7 21.Qd2 Nb7 22.c4 b4 23.Reb1 exd4 24.Nxd4
Ra6 25.Ne2 Nf6 26.f3 c5 27.Nd5 Nxd5 28.cxd5 h5 29.a3 Qf6 30.Qc1 h4 31.h3 Bd7 32.axb4
Rxa1 33.Rxa1 Bb5 34.Ra7 Rb8 35.Bd1 1/2-1/2

[Event "1. Bundesliga 2015/2016"]
[Site "St. Veit/Glan"]
[Date "2016.02.28"]
[Round "8"]
[Board "5"]
[White "Atlas, Valery"]
[Black "Menezes, Christoph"]
[Result "1/2-1/2"]
[WhiteElo "2453"]
[BlackElo "2395"]
[PlyCount "137"]
[EventDate "2015.11.05"]
[EventType "team"]
[EventRounds "11"]
[EventCountry "AUT"]
[WhiteTeam "SK Hohenems"]
[BlackTeam "L.A. Kraftanlage Ottakring"]

1.e4 c5 2.Nf3 d6 3.d4 cxd4 4.Nxd4 Nf6 5.Nc3 a6 6.g3 e5 7.Nb3 Be7 8.Bg2 b5 9.O-O O-O
10.a4 b4 11.Na2 a5 12.c3 bxc3 13.Nxc3 Ba6 14.Nb5 Bxb5 15.axb5 Nbd7 16.Be3 a4 17.Nd2
Qa5 18.b3 a3 19.Nc4 Qxb5 20.Rxa3 Rxa3 21.Nxa3 Qb4 22.Nc4 Rb8 23.h3 Ne8 24.Nd2 Bd8
25.Qc2 Bb6 26.Bxb6 Nxb6 27.Rc1 Rc8 28.Qd1 Rb8 29.Rc6 g6 30.Qc2 Kg7 31.Qc3 Nd7 32.Qxb4
Rxb4 33.Rc4 Rb7 34.Bf1 Nc5 35.b4 Ne6 36.Nb3 N8c7 37.Na5 Rb6 38.Nc6 Kf6 39.Rc1 d5 40.exd5
Nxd5 41.b5 Ndc7 42.Nb4 Rb7 43.f4 exf4 44.gxf4 Nxb5 45.Nd5+ Kg7 46.Rb1 Nd6 47.Rxb7
Nxb7 48.Kf2 Nd6 49.Bd3 h6 50.Ke3 Kf8 51.Nf6 Kg7 52.Nd5 Nc5 53.Bc2 Nd7 54.Kf3 Nf6 55.Ne7
Nd7 56.Nd5 f5 57.h4 Nc5 58.Ke3 Nd7 59.Kd4 Nf6 60.Ne3 Nh5 61.Nd5 Ne8 62.Ke3 Nef6 63.Nc7
Kf7 64.Bb3+ Ke7 65.Nd5+ Nxd5+ 66.Bxd5 Nf6 67.Bb3 Ne8 68.Ba2 Nc7 69.Bc4 1/2-1/2

[Event "1. Bundesliga 2015/2016"]
[Site "St. Veit/Glan"]
[Date "2016.02.28"]
[Round "8"]
[Board "6"]
[White "Schneider-Zinner, Harald"]
[Black "Froewis, Georg"]
[Result "1-0"]
[WhiteElo "2353"]
[BlackElo "2452"]
[PlyCount "131"]
[EventDate "2015.11.05"]
[EventType "team"]
[EventRounds "11"]
[EventCountry "AUT"]
[WhiteTeam "L.A. Kraftanlage Ottakring"]
[BlackTeam "SK Hohenems"]

1.d4 d5 2.c4 e6 3.Nf3 Nf6 4.e3 c5 5.cxd5 exd5 6.Bb5+ Nc6 7.Nc3 cxd4 8.exd4 Be7 9.Bf4
O-O 10.h3 Qb6 11.O-O Bf5 12.Re1 Bb4 13.Bd3 Bxc3 14.bxc3 Bxd3 15.Qxd3 Qa5 16.Nd2 Rfe8
17.Be5 Nd7 18.Nb3 Qa4 19.Qf5 Ne7 20.Qf3 Qc6 21.Re3 Ng6 22.Rae1 Re6 23.Bg3 Rae8 24.Na5
Qb5 25.Rxe6 Rxe6 26.Rxe6 fxe6 27.Nb3 Nf6 28.Nc5 Qc6 29.Qe3 Kf7 30.Be5 b6 31.Bxf6 bxc5
32.Be5 c4 33.h4 Qa4 34.Qf3+ Kg8 35.Qg4 Qd7 36.Kf1 Qf7 37.Qg5 h6 38.Qd8+ Kh7 39.Bg3
Qf5 40.Kg1 Qb1+ 41.Kh2 Qxa2 42.h5 Nh8 43.Qe7 Qe2 44.f3 Qe3 45.Be5 Qg5 46.Qxa7 Qxh5+
47.Kg1 Qf7 48.Qb8 Ng6 49.Bg3 Qf5 50.Qd6 Qg5 51.Kh2 Qe3 52.Be5 Qxc3 53.Qxe6 Qe1 54.Qxd5
c3 55.Qc5 Qd2 56.Bxg7 Kxg7 57.Qc7+ Kg8 58.Qc4+ Kf8 59.Qc8+ Ke7 60.Qc7+ Ke6 61.Qc6+
Kf7 62.Qd5+ Kf6 63.Qd6+ Kg5 64.Qd5+ Kh4 65.Qe4+ Qf4+ 66.g3+ 1-0

[Event "1. Bundesliga 2015/2016"]
[Site "St. Veit/Glan"]
[Date "2016.02.28"]
[Round "8"]
[Board "1"]
[White "Bromberger, Stefan"]
[Black "Georgiadis, Nico"]
[Result "0-1"]
[WhiteElo "2531"]
[BlackElo "2486"]
[PlyCount "108"]
[EventDate "2015.11.05"]
[EventType "team"]
[EventRounds "11"]
[EventCountry "AUT"]
[WhiteTeam "SIR Royal Salzburg"]
[BlackTeam "Schachclub Sparkasse Goetzis"]

1.d4 f5 2.Nf3 Nf6 3.Bf4 g6 4.e3 Bg7 5.Nbd2 O-O 6.h3 d6 7.Be2 Nc6 8.Bh2 e6 9.O-O Qe7
10.c3 a5 11.a3 b6 12.c4 e5 13.c5 bxc5 14.dxc5 Kh8 15.Rc1 Nd8 16.cxd6 cxd6 17.Nc4 Ba6
18.Re1 Ne4 19.Nb6 Bxe2 20.Rxe2 Rb8 21.Nd5 Qb7 22.b4 Ne6 23.Rec2 axb4 24.axb4 Qb5 25.Rc6
Rfd8 26.R6c4 Rb7 27.Rc8 Rb8 28.Rxd8+ Rxd8 29.Ne7 Bf6 30.Qd5 Qxd5 31.Nxd5 Rb8 32.Rc6
Nd8 33.Ra6 Nf7 34.g4 Kg7 35.Kg2 Bd8 36.Ra3 Rb5 37.Rd3 Nf6 38.Nxf6 Kxf6 39.Rb3 Ba5
40.gxf5 gxf5 41.Bg3 Rxb4 42.Ra3 Rb5 43.Ra4 h6 44.Ra2 Ke6 45.Rc2 Rb8 46.Ra2 Bb6 47.Nd2
Bc5 48.Nc4 Rg8 49.Kh2 Ng5 50.Nd2 Kd5 51.f4 Ne4 52.Nxe4 Kxe4 53.Ra4+ Kf3 54.fxe5 Bxe3 0-1

[Event "1. Bundesliga 2015/2016"]
[Site "St. Veit/Glan"]
[Date "2016.02.28"]
[Round "8"]
[Board "2"]
[White "Krassowizkij, Jaroslaw"]
[Black "Mons, Leon"]
[Result "1/2-1/2"]
[WhiteElo "2446"]
[BlackElo "2461"]
[PlyCount "103"]
[EventDate "2015.11.05"]
[EventType "team"]
[EventRounds "11"]
[EventCountry "AUT"]
[WhiteTeam "Schachclub Sparkasse Goetzis"]
[BlackTeam "SIR Royal Salzburg"]

1.d4 d5 2.c4 e6 3.Nc3 Be7 4.cxd5 exd5 5.Bf4 Nf6 6.e3 Bf5 7.Qb3 Nc6 8.g4 Nxg4 9.Qxd5
Qxd5 10.Nxd5 Bb4+ 11.Nxb4 Nxb4 12.Rc1 c6 13.a3 Nd5 14.h3 Nxf4 15.hxg4 Nd3+ 16.Bxd3
Bxd3 17.f3 f6 18.Nh3 Bg6 19.Nf4 Bf7 20.Rc5 Kd7 21.Nh5 b6 22.Rc2 Bxh5 23.Rxh5 h6 24.Kf2
a5 25.f4 a4 26.Kf3 g6 27.Rh1 Ra5 28.Rhc1 Rc8 29.Rc4 h5 30.gxh5 Rxh5 31.Rg1 Rh3+ 32.Rg3
Rxg3+ 33.Kxg3 b5 34.Rc5 Kd6 35.e4 Rh8 36.e5+ fxe5 37.fxe5+ Kd7 38.d5 cxd5 39.Rxd5+
Ke6 40.Rxb5 g5 41.Kg4 Rh4+ 42.Kxg5 Re4 43.Kg6 Rxe5 44.Rb6+ Kd5 45.Rb4 Re4 46.Rb8 Re2
47.Kf5 Rf2+ 48.Kg4 Kd4 49.Kg3 Rc2 50.Kf3 Kd3 51.Kf4 Rc5 52.b3 1/2-1/2

[Event "1. Bundesliga 2015/2016"]
[Site "St. Veit/Glan"]
[Date "2016.02.28"]
[Round "8"]
[Board "3"]
[White "Seyb, Alexander"]
[Black "Hirneise, Tobias"]
[Result "1/2-1/2"]
[WhiteElo "2417"]
[BlackElo "2449"]
[PlyCount "60"]
[EventDate "2015.11.05"]
[EventType "team"]
[EventRounds "11"]
[EventCountry "AUT"]
[WhiteTeam "SIR Royal Salzburg"]
[BlackTeam "Schachclub Sparkasse Goetzis"]

1.e4 e5 2.Nf3 Nc6 3.Bb5 a6 4.Ba4 Nf6 5.O-O Be7 6.Re1 b5 7.Bb3 d6 8.c3 O-O 9.h3 Nb8
10.d4 Nbd7 11.Nbd2 c5 12.Nf1 Re8 13.Ng3 Bf8 14.a4 Bb7 15.d5 c4 16.Bc2 g6 17.Bg5 Be7
18.Bh6 Nc5 19.Nh2 Nfd7 20.Qd2 Nxa4 21.Bxa4 bxa4 22.Rxa4 a5 23.Ng4 Bh4 24.Be3 Ba6 25.Nh6+
Kg7 26.Rf1 Bb5 27.Ra2 Nf6 28.Kh2 Ng8 29.Raa1 Bd7 30.Rae1 Rb8 1/2-1/2

[Event "1. Bundesliga 2015/2016"]
[Site "St. Veit/Glan"]
[Date "2016.02.28"]
[Round "8"]
[Board "4"]
[White "Kessler, Luca"]
[Black "Hilverda, Alexander"]
[Result "1-0"]
[WhiteElo "2433"]
[BlackElo "2378"]
[PlyCount "113"]
[EventDate "2015.11.05"]
[EventType "team"]
[EventRounds "11"]
[EventCountry "AUT"]
[WhiteTeam "Schachclub Sparkasse Goetzis"]
[BlackTeam "SIR Royal Salzburg"]

1.Nf3 d5 2.g3 Nf6 3.Bg2 c6 4.O-O Bf5 5.d3 Nbd7 6.Nbd2 e5 7.Qe1 h6 8.e4 dxe4 9.dxe4
Be6 10.Qe2 Qc7 11.b3 Rd8 12.Bb2 b5 13.a4 a6 14.Kh1 Bc5 15.Ne1 O-O 16.Nd3 Bd4 17.Bxd4
exd4 18.f4 Rfe8 19.Qf3 Ng4 20.h3 Ne3 21.f5 Bc4 22.bxc4 bxc4 23.Nf4 Ne5 24.Qf2 Nxf1
25.Bxf1 d3 26.cxd3 cxd3 27.Qc5 Qd6 28.Rc1 Qd4 29.a5 Qb2 30.Qc3 Qxc3 31.Rxc3 Rd4 32.Kg2
Ra4 33.Kf2 Rxa5 34.Nxd3 Nxd3+ 35.Bxd3 Rc8 36.Nc4 Ra2+ 37.Ke3 a5 38.Nd6 Ra8 39.Nxf7
a4 40.Bc4 Ra1 41.Nxh6+ Kf8 42.Ng4 a3 43.Kf4 Ra4 44.Bb3 Ra6 45.Ne5 Rf1+ 46.Kg5 Re1
47.Ng6+ Ke8 48.e5 a2 49.Bxa2 Rxa2 50.Rxc6 Ra3 51.g4 Rxh3 52.Rc8+ Kd7 53.Rg8 Kc6 54.Rxg7
Re4 55.e6 Rg3 56.Nf4 Rf3 57.Nh5 1-0